The united nations:as a political institutuion,2nd ed (Record no. 237909)

MARC details
000 -LEADER
fixed length control field 00474nam a2200193Ia 4500
003 - CONTROL NUMBER IDENTIFIER
control field OSt
005 - DATE AND TIME OF LATEST TRANSACTION
control field 20260131103013.0
008 - FIXED-LENGTH DATA ELEMENTS--GENERAL INFORMATION
fixed length control field 250729s1963 xx 000 0 und d
040 ## - CATALOGING SOURCE
Transcribing agency AL
041 ## - LANGUAGE CODE
Language code of text/sound track or separate title eng
082 ## - DEWEY DECIMAL CLASSIFICATION NUMBER
Classification number 320 NICU
100 ## - MAIN ENTRY--PERSONAL NAME
Personal name Nicholas H G
9 (RLIN) 228174
245 ## - TITLE STATEMENT
Title The united nations:as a political institutuion,2nd ed
260 ## - PUBLICATION, DISTRIBUTION, ETC.
Place of publication, distribution, etc. New York
Date of publication, distribution, etc. 1963
300 ## - PHYSICAL DESCRIPTION
Extent 232p
650 ## - SUBJECT ADDED ENTRY--TOPICAL TERM
Topical term or geographic name entry element History
9 (RLIN) 228175
700 ## - ADDED ENTRY--PERSONAL NAME
Personal name Nio Digumurthi
9 (RLIN) 228176
942 ## - ADDED ENTRY ELEMENTS (KOHA)
Source of classification or shelving scheme Dewey Decimal Classification
Koha item type School of Education
Holdings
Withdrawn status Lost status Damaged status Not for loan Home library Current library Date acquired Source of acquisition Cost, normal purchase price Total Checkouts Full call number Barcode Date last seen Cost, replacement price Price effective from Koha item type
        St Aloysius Library St Aloysius Library 07/29/2025 Management Books 75.00   320 NICU BED03228 07/29/2025 75.00 07/29/2025 Book